| 000 | 00514nam a2200205 a 4500 | ||
|---|---|---|---|
| 999 |
_c1092 _d1092 |
||
| 008 | 191125t1971 xxu||||g |||| 00| 0 eng d | ||
| 020 |
_a9780671673253 _cRs. 250.00 |
||
| 040 |
_aKO _beng |
||
| 041 | 0 | _aeng | |
| 044 | _axxu | ||
| 082 | 0 | 4 |
_223 _a153.69 _bF265 |
| 100 | 1 | _aFast, Julius | |
| 245 | 1 | 0 |
_aBody Language / _cJulius Fast |
| 260 |
_aNew York : _bPocket Books (Simon & Schuster Inc.) , _c1971 |
||
| 300 |
_a183 p.; _c17 cm |
||
| 650 | 0 | _aBody language | |
| 904 | _aA_BOSE | ||
| 942 | _cBK | ||